[Event "BL2-West 9697"]
[Site "Germany"]
[Date "1997.??.??"]
[Round "?.4"]
[White "Luecke, Norbert"]
[Black "Brecht, Anselm"]
[Result "1-0"]
[WhiteElo "2380"]
[BlackElo "2270"]
[PlyCount "63"]
[EventDate "1996.10.??"]
[EventType "team-tourn"]
[EventRounds "9"]
[EventCountry "GER"]
[SourceTitle "GER-chT2"]
[Source "ChessBase"]
[SourceDate "1999.07.01"]
[SourceVersion "1"]
[SourceVersionDate "1999.07.01"]
[SourceQuality "1"]
[WhiteTeam "Plettenberg"]
[BlackTeam "Griesheim"]
[WhiteTeamCountry "GER"]
[BlackTeamCountry "GER"]

1. e4 d6 2. d4 e5 3. Nf3 exd4 4. Nxd4 Nf6 5. Nc3 Be7 6. Be2 0-0 7. 0-0 c5 8. Nb3 a6 9. Re1 Nc6 10. Bf4 Be6 11. Nd5 Bxd5 12. exd5 Ne5 13. Nxc5 Ng6 14. Nd3 Nxd5 15. Bd2 Qc7 16. Bf3 Nf6 17. Nf4 Ne5 18. Bc3 Rfe8 19. Bd5 Rac8 20. a4 Ng6 21. Nxg6 hxg6 22. Bf3 Bf8 23. Qd3 Rcd8 24. Bd4 Nd7 25. Bd5 Ne5 26. Qb3 Rb8 27. Ba7 Ra8 28. Bb6 Qd7 29. Re2 Nc6 30. Rae1 Rxe2 31. Rxe2 Re8 32. Bxf7+ 1-0

[Event "BL2-West 9697"]
[Site "Germany"]
[Date "1996.??.??"]
[Round "?.4"]
[White "Fleck, Juergen"]
[Black "Brecht, Anselm"]
[Result "1-0"]
[WhiteElo "2385"]
[BlackElo "2270"]
[PlyCount "83"]
[EventDate "1996.10.??"]
[EventType "team-tourn"]
[EventRounds "9"]
[EventCountry "GER"]
[SourceTitle "GER-chT2"]
[Source "ChessBase"]
[SourceDate "1999.07.01"]
[SourceVersion "1"]
[SourceVersionDate "1999.07.01"]
[SourceQuality "1"]
[WhiteTeam "Koeln Porz II"]
[BlackTeam "Griesheim"]
[WhiteTeamCountry "GER"]
[BlackTeamCountry "GER"]

1. e4 Nf6 2. e5 Nd5 3. d4 d6 4. Nf3 c6 5. c4 Nc7 6. Be2 g6 7. 0-0 Bg7 8. exd6 Qxd6 9. Nc3 0-0 10. Be3 Qd8 11. Qb3 Nd7 12. Rad1 Nf6 13. Rfe1 Na6 14. Ne5 Qb6 15. Qc2 Bf5 16. Qc1 Rad8 17. h3 Qc7 18. Bf4 Qc8 19. Bf3 Nc7 20. Bh2 Nce8 21. b3 Nd6 22. Qa3 Qa8 23. Qb4 Rfe8 24. a4 Nd7 25. g4 Be6 26. a5 Nxe5 27. dxe5 Nc8 28. Na4 Bh6 29. Nc5 b6 30. Nxe6 fxe6 31. c5 Qb7 32. axb6 axb6 33. Qc4 Kf7 34. cxb6 Qxb6 35. Bxc6 Rf8 36. Bg3 Na7 37. Bd7 Rb8 38. Rd3 Nb5 39. Bxe6+ Kg7 40. Rd7 Rfe8 41. Bd5 Rbc8 42. Rxe7+ 1-0